| 000 | 01362nam a2200301 4500 | ||
|---|---|---|---|
| 001 | 0000013853 | ||
| 003 | CO-CtgCURN | ||
| 005 | 20250329191019.0 | ||
| 007 | ta | ||
| 008 | 160627s2006 000 0 eng d | ||
| 020 | _a9789589658796 | ||
| 040 |
_aCO-CtgCURN _bspa _ccoctgcurn |
||
| 082 | 0 |
_a720.986 _bS15bi |
|
| 100 | 1 | _aSaldarriaga Roa, Alberto. | |
| 245 | 1 | 0 |
_aVeinte bienales colombianas de arquitectura 1962-2006 / _cAlberto Saldarriaga Roa, German Tellez Castañeda. |
| 260 |
_aBogotá : _bZona y Sociedad Colombiana de Arquitectos, _c2006. |
||
| 300 | _a205 p. | ||
| 336 | _2rdacontent | ||
| 337 |
_2rdamedia _asin mediacion _bn |
||
| 338 |
_2rdacarrier _avolumen _bnc |
||
| 504 | _aBibliografia (p. 196-201) | ||
| 505 | 8 | _aQue es la arquitectura?.--Compromisos maximos.--Notas para una historia informal de las bienales colombianas de arquitectua.--Modernizacion y progreso e inmovecion.--Globalizacion, sostenibilidad y arquitectura.--Los premios de arquitectura y diseño arquitectonico 1962-2006.--Urbanismo.--La Investigación en las bienales.--El patrimonio inmueble.--Otras categorias.--Fotografias | |
| 650 | 1 | 4 |
_aArquitectura colombiana _y1962-2006. |
| 700 | 1 | _aTellez Castañeda, German. | |
| 908 | _a160627 | ||
| 942 |
_cBK _h720.986 _iS15bi _2ddc |
||
| 999 |
_c11152 _d11152 |
||